<?xml version="1.0" encoding="UTF-8"?><?xml-stylesheet type="text/xsl" href="static/style.xsl"?><OAI-PMH xmlns="http://www.openarchives.org/OAI/2.0/" xmlns:xsi="http://www.w3.org/2001/XMLSchema-instance" xsi:schemaLocation="http://www.openarchives.org/OAI/2.0/ http://www.openarchives.org/OAI/2.0/OAI-PMH.xsd"><responseDate>2026-06-07T06:37:05Z</responseDate><request verb="GetRecord" identifier="oai:riuma.uma.es:10630/40078" metadataPrefix="marc">https://riuma.uma.es/rest/oai/request</request><GetRecord><record><header><identifier>oai:riuma.uma.es:10630/40078</identifier><datestamp>2026-02-03T11:45:00Z</datestamp><setSpec>com_10630_2254</setSpec><setSpec>col_10630_37956</setSpec></header><metadata><record xmlns="http://www.loc.gov/MARC21/slim" xmlns:dcterms="http://purl.org/dc/terms/" xmlns:doc="http://www.lyncode.com/xoai" xmlns:xsi="http://www.w3.org/2001/XMLSchema-instance" xsi:schemaLocation="http://www.loc.gov/MARC21/slim http://www.loc.gov/standards/marcxml/schema/MARC21slim.xsd">
   <leader>00925njm 22002777a 4500</leader>
   <datafield ind2=" " ind1=" " tag="042">
      <subfield code="a">dc</subfield>
   </datafield>
   <datafield ind2=" " ind1=" " tag="720">
      <subfield code="a">Alvar-Nuño, Antón</subfield>
      <subfield code="e">author</subfield>
   </datafield>
   <datafield ind2=" " ind1=" " tag="260">
      <subfield code="c">2025</subfield>
   </datafield>
   <datafield ind2=" " ind1=" " tag="520">
      <subfield code="a">Este capítulo ofrece una aportación innovadora al estudio de la religiosidad tardoantigua al centrar su atención en actores móviles que median entre ciudad y campo. A través de un análisis microhistórico de la epístola del monje Mauricio al obispo Agapio, reconstruye cómo la movilidad de un asceta y la circulación de rumores inciden en la configuración de identidades y en la fragilidad de las redes del poder local. Frente a visiones ancladas en el determinismo urbano, introduce la categoría de “itinerancia multilocal” para explicar la interacción entre movilidad, paisaje social y control institucional. La combinación de la urban religion, la sociología de redes y la crítica narrativa dota al estudio de un alcance metodológico transferible a otros contextos mediterráneos.</subfield>
   </datafield>
   <datafield ind1="8" ind2=" " tag="024">
      <subfield code="a">Antón Alvar Nuño, “Entrepreneurs religiosos e itinerancia multilocal en la Hispania post-romana”, en Carmen Trillo y Mattia C. Chiriatti (eds.), Ciudad y territorio en el Mediterráneo Tardoantiguo y Medieval, Roma, Viella, 2025, 65-84</subfield>
   </datafield>
   <datafield ind1="8" ind2=" " tag="024">
      <subfield code="a">9791254693421</subfield>
   </datafield>
   <datafield ind1="8" ind2=" " tag="024">
      <subfield code="a">https://hdl.handle.net/10630/40078</subfield>
   </datafield>
   <datafield tag="653" ind2=" " ind1=" ">
      <subfield code="a">Religión - S. V-VIII - Aspectos sociales</subfield>
   </datafield>
   <datafield tag="653" ind2=" " ind1=" ">
      <subfield code="a">Microhistoria - Europa - S- V-VIII</subfield>
   </datafield>
   <datafield tag="653" ind2=" " ind1=" ">
      <subfield code="a">Ascetismo</subfield>
   </datafield>
   <datafield ind2="0" ind1="0" tag="245">
      <subfield code="a">Entrepreneurs religiosos e itinerancia multilocal en la Hispania posromana.</subfield>
   </datafield>
</record>
</metadata></record></GetRecord></OAI-PMH>